Seattle... or Vancouver? - Statistics

General Stats
  • This quiz has been taken 154 times
    37 since last reset
  • The average score is 11 of 15
Answer Stats
Question Answer % Correct
Boeing and Microsoft are headquartered here Seattle
97%
Coquitlam is one of its suburbs Vancouver
94%
Is part of the greater Cascadia region Both
91%
The Gum Wall is a popular tourist attraction Seattle
91%
Is sometimes referred to as "Hollywood North" Vancouver
91%
Has hosted an Olympics Vancouver
88%
Held the Century 21 Exposition Seattle
82%
Has no freeways running through its city center Vancouver
82%
Borders Puget Sound Seattle
73%
Higher average income Seattle
73%
Is currently ran by Mayor Bruce Harrell Seattle
73%
Has consistently ranked among the top 10 most livable cities in the world Vancouver
67%
Has more metro rail stations Vancouver
67%
Home to the older Chinatown Vancouver
55%
Has direct flights to New Zealand Vancouver
27%
No matching quizzes found
Score Distribution
Percent of People with Each Score
Percentile by Number Answered
Your Score History
You have not taken this quiz since the last reset